000 00682nam a2200229Ia 4500
003 OSt
005 20220928103228.0
006 a|||||r|||| 00| 0
007 ta
008 220927b |||||||| |||| 00| 0 eng d
024 _a75227
037 _cTextual
040 _aSDCL
_cSDCL
_beng
041 _2eng
_aeng
082 _aX:57.1(x)'N8, M2
100 _aAvramovic Dragoslav Ed.
_9402968
245 0 _aSouth-South financial co-operation
_b Approaches to the current crisis-The Jamaica papers
260 _aLondon
_bFrances Pinta
_c1983
300 _a205p
_ccm.
942 _hX:57.1(x)'N8, M2
_cTEXL
_2CC
999 _c718772
_d718772